000 00615nam a2200241Ia 4500
003 OSt
005 20221006151740.0
006 a|||||r|||| 00| 0
007 ta
008 221006b |||||||| |||| 00| 0 jpn d
020 _cY5000
024 _a23,224
037 _bGift, Japan Foundation
_cTextual
040 _aEASL
_cEASL
_bjpn
041 _2jpn
_ajpn
100 _aCHIHOJICHI KENKYU
_9659925
245 0 _aChihojichi nenkan
260 _aTokyo
_bn
_c1980
300 _a654p.
_ccm.
650 _aJL
942 _cTEXL
_2CC
999 _c1091310
_d1091310